<?xml version="1.0" encoding="UTF-8"?>
<marc:record xmlns:marc="http://www.loc.gov/MARC21/slim">
   <marc:leader>00000nam a2200000 a 4500</marc:leader>
   <marc:datafield ind1="1" ind2=" " tag="100">
      <marc:subfield code="a">Preußler, Otfried</marc:subfield>
      <marc:subfield code="4">aut</marc:subfield>
      <marc:subfield code="e">Verfasser/-in</marc:subfield>
   </marc:datafield>
   <marc:datafield ind1="0" ind2="0" tag="245">
      <marc:subfield code="a">Hotzenplotz, Bd. 3</marc:subfield>
   </marc:datafield>
   <marc:datafield ind1="0" ind2="0" tag="245">
      <marc:subfield code="c">Preußler, Otfried</marc:subfield>
   </marc:datafield>
   <marc:datafield ind1=" " ind2="1" tag="264">
      <marc:subfield code="c">2015</marc:subfield>
   </marc:datafield>
   <marc:datafield ind1="1" ind2=" " tag="520">
      <marc:subfield code="a">Kasperl hielt sich nicht lange mit einer Erklärung auf. "Hotzenplotz!", rief er. "Er will nach Amerika!" Großmutter und Frau Schlotterbeck blickten den Freunden kopfschüttelnd nach. "Ob sie jemals gescheit werden, diese beiden? Es ist schon ein Kreuz mit ihnen - das lassen Sie sich von mir gesagt sein, Frau Schlotterbeck!" Wohin sollten Kasperl und Seppel sich wenden? Drei Landstraßen gab es, die aus dem Städtchen ins Weite führten, nach Süden, Norden und Osten - und mehr als ein Dutzend Feldwege. "Zählen wir's an den Knöpfen ab", meinte Seppel. "Man kann ja nicht riechen, wohin er gegangen ist."</marc:subfield>
   </marc:datafield>
   <marc:datafield ind1=" " ind2=" " tag="020">
      <marc:subfield code="a">9783522119801</marc:subfield>
      <marc:subfield code="9">9783522119801</marc:subfield>
   </marc:datafield>
   <marc:datafield ind1=" " ind2=" " tag="020">
      <marc:subfield code="a">3522119800</marc:subfield>
      <marc:subfield code="9">3522119800</marc:subfield>
   </marc:datafield>
   <marc:datafield ind1=" " ind2=" " tag="338">
      <marc:subfield code="a">Band</marc:subfield>
   </marc:datafield>
   <marc:datafield ind1=" " ind2=" " tag="300">
      <marc:subfield code="a">126 S.</marc:subfield>
   </marc:datafield>
</marc:record>
